[Event "Titled Tuesday intern op 29th Aug Early"]
[Site "Chess.com INT"]
[Date "2023.08.29"]
[Round "9"]
[White "Petrosian, Karlen"]
[Black "Gaurav, Rajesh Zagade"]
[Result "0-1"]
[WhiteElo "2348"]
[BlackElo "2159"]
[PlyCount "92"]
[EventDate "2023.08.29"]
[EventType "swiss (blitz)"]
[EventRounds "11"]
[EventCountry "USA"]
[SourceTitle "EXT 2024"]
[Source "ChessBase"]
[SourceDate "2023.10.10"]
[SourceVersion "1"]
[SourceVersionDate "2023.10.10"]
[SourceQuality "1"]

1. e4 c5 2. Be2 Nc6 3. f4 g6 4. Nf3 Bg7 5. 0-0 d6 6. c3 Nf6 7. d3 0-0 8. Kh1 Rb8 9. Be3 b5 10. a3 a5 11. Nbd2 b4 12. d4 bxc3 13. bxc3 cxd4 14. cxd4 Ng4 15. Bg1 Bd7 16. h3 Nf6 17. d5 Nh5 18. dxc6 Ng3+ 19. Kh2 Nxf1+ 20. Nxf1 Bxa1 21. Qxa1 Bxc6 22. Ng3 Qd7 23. f5 Qb7 24. Qc1 Bxe4 25. Qh6 Bxf3 26. Bxf3 Qb2 27. fxg6 hxg6 28. Qh4 Qf6 29. Qa4 Rb1 30. Qxa5 Rfb8 31. Qd5 Qf4 32. Qe4 Qxe4 33. Nxe4 Ra1 34. Nc3 Rxa3 35. Nd5 e6 36. Nf6+ Kg7 37. Ne4 Ra6 38. Bd4+ e5 39. Bf2 f5 40. Nc3 e4 41. Be2 Rc6 42. Bd4+ Kf7 43. Nd5 Rc2 44. Bf1 Rd2 45. Ba7 Rb7 46. Bc4 Rxa7 0-1

[Event "Titled Tuesday intern op 08th Aug Early"]
[Site "Chess.com INT"]
[Date "2023.08.08"]
[Round "8"]
[White "Alvarez Leon, Luis"]
[Black "Gaurav, Rajesh Zagade"]
[Result "1/2-1/2"]
[WhiteElo "2178"]
[BlackElo "2159"]
[PlyCount "135"]
[EventDate "2023.08.08"]
[EventType "swiss (blitz)"]
[EventRounds "11"]
[EventCountry "USA"]
[SourceTitle "EXT 2024"]
[Source "ChessBase"]
[SourceDate "2023.10.10"]
[SourceVersion "1"]
[SourceVersionDate "2023.10.10"]
[SourceQuality "1"]

1. Nf3 d5 2. d4 Nf6 3. c4 e6 4. Nc3 dxc4 5. e3 c5 6. Bxc4 Nc6 7. 0-0 cxd4 8. exd4 Be7 9. Re1 0-0 10. Bg5 a6 11. Rc1 b5 12. Bb3 Bb7 13. Qd2 Rc8 14. Rcd1 Nb4 15. Ne5 Nbd5 16. Nxd5 Nxd5 17. Bxe7 Qxe7 18. Nd3 Rfd8 19. Nc5 Ba8 20. f3 Qa7 21. Qf2 Nf4 22. Kh1 a5 23. Bc2 g6 24. Qh4 Nh5 25. Re5 Rd5 26. Rxd5 Bxd5 27. a3 Qc7 28. Bd3 b4 29. axb4 axb4 30. Ra1 Qf4 31. Qxf4 Nxf4 32. Ba6 Ra8 33. Rc1 Kg7 34. h4 h5 35. Kh2 g5 36. hxg5 h4 37. Bf1 Kg6 38. Nd3 Nxd3 39. Bxd3+ Kxg5 40. Rc5 Ra2 41. Be4 Rxb2 42. Bxd5 exd5 43. Rxd5+ f5 44. Rb5 b3 45. d5 Kf4 46. d6 Rd2 47. Rxb3 Rxd6 48. Kh3 Kg5 49. Rb4 Rd1 50. Kh2 Re1 51. Ra4 Rd1 52. Rb4 Re1 53. Rb8 Rd1 54. Rg8+ Kh5 55. Rf8 Kg5 56. Rg8+ Kh5 57. Rf8 Kg5 58. Rh8 Rd2 59. Rg8+ Kh5 60. Kh3 Rd1 61. Rh8+ Kg5 62. Kh2 Rd2 63. Rg8+ Kh5 64. Rf8 Kg5 65. Re8 Rd1 66. Rf8 Kf4 67. Rh8 Kg5 68. Rg8+ 1/2-1/2

[Event "Titled Tuesday intern op 01st Aug Early"]
[Site "Chess.com INT"]
[Date "2023.08.01"]
[Round "7"]
[White "Andreev, Konstantin1111"]
[Black "Gaurav, Rajesh Zagade"]
[Result "1-0"]
[WhiteElo "2151"]
[BlackElo "2159"]
[PlyCount "89"]
[EventDate "2023.08.01"]
[EventType "swiss (blitz)"]
[EventRounds "11"]
[EventCountry "USA"]
[SourceTitle "EXT 2024"]
[Source "ChessBase"]
[SourceDate "2023.10.10"]
[SourceVersion "1"]
[SourceVersionDate "2023.10.10"]
[SourceQuality "1"]

1. e4 c5 2. Nf3 g6 3. d4 cxd4 4. Nxd4 Bg7 5. Nc3 Nc6 6. Be3 Nf6 7. Bc4 0-0 8. f3 d5 9. exd5 Na5 10. Bb3 Nxb3 11. Nxb3 a5 12. a4 e6 13. dxe6 Bxe6 14. Nd4 Bc4 15. Kf2 Re8 16. Re1 Ng4+ 17. fxg4 Rxe3 18. Kxe3 Qf6 19. Ne4 Re8 20. Nf3 Qb6+ 21. Nd4 f5 22. gxf5 gxf5 23. c3 Rxe4+ 24. Kf2 Qxb2+ 25. Kg1 Bxd4+ 26. cxd4 Rg4 27. Qf3 Qxd4+ 28. Qf2 Qg7 29. Re8+ Kf7 30. Rae1 Qg5 31. R1e7+ Kg6 32. Qb6+ Qf6 33. Qxf6+ Kxf6 34. Rxh7 Bd5 35. g3 Rxa4 36. Rd7 Bc6 37. Rd6+ Kg5 38. Rg8+ Kh5 39. Rg7 Ra1+ 40. Kf2 Ra2+ 41. Ke3 Ra3+ 42. Kf4 Rf3+ 43. Ke5 a4 44. Rd8 Re3+ 45. Kf6 1-0

[Event "Titled Tuesday intern op 01st Aug Early"]
[Site "Chess.com INT"]
[Date "2023.08.01"]
[Round "8"]
[White "Gaurav, Rajesh Zagade"]
[Black "Demin, Vladimir"]
[Result "0-1"]
[WhiteElo "2159"]
[BlackElo "2430"]
[PlyCount "66"]
[EventDate "2023.08.01"]
[EventType "swiss (blitz)"]
[EventRounds "11"]
[EventCountry "USA"]
[SourceTitle "EXT 2024"]
[Source "ChessBase"]
[SourceDate "2023.10.10"]
[SourceVersion "1"]
[SourceVersionDate "2023.10.10"]
[SourceQuality "1"]

1. e4 e5 2. Nf3 Nc6 3. Bc4 Bc5 4. c3 Nf6 5. d3 a6 6. h3 Ba7 7. 0-0 d6 8. Nbd2 0-0 9. Re1 Re8 10. Nf1 Be6 11. Bxe6 Rxe6 12. Ng3 d5 13. exd5 Nxd5 14. d4 exd4 15. Rxe6 fxe6 16. cxd4 h6 17. Qe2 Qf6 18. Ne4 Qf7 19. Nc5 Nxd4 20. Nxd4 Bxc5 21. Nb3 Bd6 22. Bd2 Re8 23. Re1 e5 24. Na5 b5 25. Nc6 e4 26. Qg4 Nf6 27. Qf5 Qxa2 28. Bxh6 Qd5 29. Qg6 Bf8 30. Rc1 Re6 31. Nb4 Qh5 32. Qxh5 Nxh5 33. Bd2 c5 0-1

[Event "Piestany op-A"]
[Site "Piestany"]
[Date "2023.07.19"]
[Round "9"]
[White "Kucharska, Honorata"]
[Black "Gaurav, Rajesh Zagade"]
[Result "0-1"]
[WhiteElo "2246"]
[BlackElo "2099"]
[PlyCount "94"]
[EventDate "2023.07.11"]
[EventType "swiss"]
[EventRounds "9"]
[EventCountry "SVK"]
[SourceTitle "EXT 2024"]
[Source "ChessBase"]
[SourceDate "2023.10.10"]
[SourceVersion "1"]
[SourceVersionDate "2023.10.10"]
[SourceQuality "1"]

1. d4 Nf6 2. c4 g6 3. Nc3 Bg7 4. e4 d6 5. Nf3 0-0 6. Be2 Nbd7 7. 0-0 e5 8. Re1 c6 9. dxe5 dxe5 10. Qc2 Qe7 11. h3 Nh5 12. Bf1 Nc5 13. Be3 Ne6 14. Rad1 Rd8 15. Ne2 b6 16. Rxd8+ Qxd8 17. b4 Qe7 18. a3 Bb7 19. Rd1 c5 20. bxc5 bxc5 21. Nc3 Nd4 22. Bxd4 cxd4 23. Nd5 Qxa3 24. c5 Bxd5 25. exd5 Rc8 26. c6 Nf4 27. Qc4 Qd6 28. Qa6 Rc7 29. Rb1 Nxd5 30. Rb8+ Bf8 31. Rb7 Rxc6 32. Qxa7 Rc7 33. Rxc7 Nxc7 34. Ng5 Qc6 35. Nf3 Bd6 36. Nd2 Kg7 37. Nc4 Ne6 38. Nxd6 Qxd6 39. Qa2 d3 40. Qd2 e4 41. h4 h5 42. g3 Nd4 43. Bg2 Qe5 44. Kh2 Nf5 45. Qe1 Nxh4 46. Kg1 Nxg2 47. Kxg2 Qd5 0-1

[Event "Asia-Oceania Uni"]
[Site "Tornelo INT"]
[Date "2022.12.23"]
[Round "7"]
[White "Xi, Qi"]
[Black "Gaurav, Rajesh Zagade"]
[Result "1/2-1/2"]
[WhiteElo "2150"]
[BlackElo "2182"]
[PlyCount "238"]
[EventDate "2022.12.21"]
[EventType "swiss (rapid)"]
[EventRounds "9"]
[EventCountry "NET"]
[SourceTitle "CBM 211 Extra"]
[Source "ChessBase"]
[SourceDate "2023.01.31"]
[SourceVersion "1"]
[SourceVersionDate "2023.01.31"]
[SourceQuality "1"]

1. d4 Nf6 2. c4 e6 3. Nf3 d5 4. Nc3 c5 5. cxd5 Nxd5 6. e4 Nxc3 7. bxc3 cxd4 8. cxd4 Bb4+ 9. Bd2 Bxd2+ 10. Qxd2 0-0 11. Bc4 Nd7 12. 0-0 b6 13. Rfe1 Bb7 14. Rad1 h6 15. d5 exd5 16. Bxd5 Bxd5 17. exd5 Re8 18. h3 Nc5 19. Ne5 Qf6 20. Nc6 Ne4 21. Qe3 Nc3 22. Qxe8+ Rxe8 23. Rxe8+ Kh7 24. Rd2 Nxd5 25. Rxd5 Qxc6 26. Red8 Qc4 27. Rd2 a5 28. R8d4 Qc1+ 29. Rd1 Qb2 30. a4 b5 31. axb5 Qxb5 32. Ra1 Qb2 33. Rda4 Qc3 34. Rxa5 Qb2 35. R5a2 Qc3 36. Rf1 Qb3 37. Re2 Qd3 38. Re3 Qd4 39. Rf3 Kg6 40. Rc1 Qd5 41. Rf4 f5 42. g3 Qd6 43. Ra1 Qb6 44. Ra3 Kh7 45. Kh2 g6 46. Re3 h5 47. h4 Kh6 48. Re7 Qd6 49. Rb7 Qc6 50. Rbb4 Qc5 51. Rfd4 Qc2 52. Kg1 Qc1+ 53. Kg2 Qc6+ 54. Kh2 Qc2 55. Rf4 Qc5 56. Rb3 Qc7 57. Rff3 Qc2 58. Ra3 Qc6 59. Rfc3 Qb6 60. Ra2 Qe6 61. Rac2 Qe5 62. Rc4 Qb8 63. Rc8 Qe5 64. R2c4 Qe2 65. Kg2 Qe5 66. R4c7 Qe4+ 67. Kh2 Qd4 68. Kg1 Qd1+ 69. Kg2 Qd5+ 70. Kh2 Qd4 71. Rc2 Qe5 72. Ra8 Qd4 73. Rb8 f4 74. Rb3 Qe4 75. Rcb2 fxg3+ 76. fxg3 Qd4 77. Rg2 Qd1 78. Rb5 Qf3 79. Rb4 Qf6 80. Rf4 Qe7 81. Rgf2 Qd8 82. Re4 Qb6 83. Rfe2 Qd8 84. Re7 Qd1 85. Kg2 Qd5+ 86. Kf2 Qf5+ 87. Kg1 Qc5+ 88. Kh2 Qc3 89. Rd7 Qf3 90. Rc2 Qf5 91. Rcd2 Qf3 92. Re7 Qf6 93. Rde2 Qf3 94. R7e3 Qf6 95. Kg2 Qc6+ 96. Rf3 Qb5 97. Ref2 Qd5 98. Kh2 Qd1 99. Rf8 Qd4 100. R8f7 Qe5 101. Rc2 Qe6 102. Rcc7 Qe2+ 103. Kh3 Qe6+ 104. Kg2 Qe2+ 105. Kg1 Qe1+ 106. Kg2 Qe2+ 107. Rf2 Qe4+ 108. Kh2 Qe3 109. Rcf7 Qe1 110. Rf8 Qe5 111. Rg8 Qd4 112. Rf7 Qd2+ 113. Kh3 Qd4 114. Ra8 Qg4+ 115. Kh2 Qe2+ 116. Kg1 Qe1+ 117. Kh2 Qe2+ 118. Kg1 Qe1+ 119. Kh2 Qe2+ 1/2-1/2